ბათუმის შოთა რუსთაველის სახელმწიფო უნივერსიტეტის ბიბლიოთეკა

ქართული ენის გრამატიკის ალბომი : (ბიბ.ჩანაწერი № 54841)

000 -ლიდერი
ფიქსირებული სიგრძის საკონტროლო ველი 01252nam a2200265Ia 4500
001 - საკონტროლო ნომერი
საკონტროლო ველი 21910
003 - საკონტროლო ნომრის იდენტიფიკატორი
საკონტროლო ველი GE_BSU
005 - ბოლო ოპერაციის თარიღი და დრო
საკონტროლო ველი 20251226140055.0
008 - ფიქსირებული სიგრძის მონაცემთა ელემენტები - ზოგადი ინფორმაცია
ფიქსირებული სიგრძის საკონტროლო ველი 181216s1966||||ge |||||||||||||| ||geo||
040 ## - კატალოგიზაციის წყარო
Transcribing agency GE_BSU
041 ## - ენის კოდი
Language code of text/sound track or separate title GEO
080 ## - უნივერსალური ათობითი კლასიფიკაციის ინდექსი
Universal Decimal Classification number 811.353.1(049.32) : 372.8 ლ-85
100 ## - მთავარი ჩანაწერი - პიროვნების სახელი
Personal name ლორთქიფანიძე, პ.
9 (RLIN) 7680
245 ## - ცნობა სათაურის შესახებ
Title ქართული ენის გრამატიკის ალბომი :
Remainder of title თვალსაჩინო მასალა V-VIII კლასებისათვის /
Statement of responsibility, etc პ. ლორთქიფანიძე, ე. გელაშვილი, ს. დვალი; რედ. ე. კახიძე.
264 ## - წარმოების, გამოცემის, დისტრიბუციის და სხვა ცნობები
გამოცემის, წარმოების, დისტრიბუციის... ადგილი თბილისი :
გამოცემის, წარმოების, დისტრიბუციის... სახელწოდება განათლება,
გამოცემის, წარმოების, დისტრიბუციის... თარიღი 1966.
300 ## - ფიზიკური აღწერა
Extent 117 გვ. ;
Dimensions 20 სმ.
653 ## - INDEX TERM--UNCONTROLLED
Uncontrolled term პედაგოგიკა
653 ## - INDEX TERM--UNCONTROLLED
Uncontrolled term ქართული ენა
653 ## - INDEX TERM--UNCONTROLLED
Uncontrolled term ქართული ენის გრამატიკის ალბომი
700 ## - ADDED ENTRY--PERSONAL NAME
Personal name გელაშვილი, ე.
Relator term ავტორი
9 (RLIN) 14507
700 ## - ADDED ENTRY--PERSONAL NAME
Personal name დვალი,ს.
Relator term ავტორი
9 (RLIN) 14508
700 ## - ADDED ENTRY--PERSONAL NAME
Personal name კახიძე, ე.
Relator term რედაქტორი
9 (RLIN) 1464
942 ## - ADDED ENTRY ELEMENTS (KOHA)
Koha item type წიგნი
Source of classification or shelving scheme
ეგზემპლარები
ჩამოწერის სტატუსი დაკარგული ეგზემპლარის სტატუსი კლასიფიკაციის წყარო ან თაროზე გაწყობის სქემა დაზიანების სტატუსი არ გაიცემა მუდმივი მდებარეობა (დაცვის ადგილი) ამჟამინდელი ადგილსამყოფელი შეძენის თარიღი ღირებულება, შესყიდვის ნორმალური ფასი სრული შენახვის შიფრი შტრიხკოდი ბოლო ოპერაციის თარიღი ეგზემპლარის მიმდევრობითი ნომერი (კეტერი?) ფასის ძალაში შესვლის თარიღი ეგზემპლარის სახეობა საჯარო შენიშვნა
          ბათუმის შოთა რუსთაველის სახელმწიფო უნივერსიტეტის მთავარი ბიბლიოთეკა ბათუმის შოთა რუსთაველის სახელმწიფო უნივერსიტეტის მთავარი ბიბლიოთეკა 2018-12-17 0.76 811.353.1(049.32) : 372.8 ლ-85 56591. 2018-12-17 56591. 2018-12-17 წიგნი 0.76 ლ.